00621nam a22002057a 450000500170000001000110001702000210002803500110004903700160006004000120007608200130008810000250010124500760012626000290020227000420023130000210027365000380029465000600033270000230039220170124110110.0 a566463 c00.00a091021006 a566463 bCen Lib/Ret aDPLbEN a921bALL aAlliluyeva, Svetlana aOnly one year /cby Svetlana Allilueva; translated by Paul Chavchavadze aLondonbHutchinsonc1969 bLondona178-202 Great Portland Street a415p. c20cm(Hb) aAllilueva, Svetlana, -- 1926-2011 aChildren of heads of state -- Soviet Union -- Biography aChavchavadze, Paul